书目信息 |
| 书名: | Political domination in Africa | |
| 作者: | edited by Patrick Chabal. | |
| 分册号: | ||
| 分册名: | 出版地: | Cambridge [Cambridgeshire] ; |
|
| 出版社: | Cambridge University Press | |
| 出版时间: | 1986. | |
| 页数: | ix, 211 p. ; | |
| 开本: | 24 cm. | |
| 丛书名: | African studies series | |
| 中图分类号: | ||
| 科图分类号: | ||
| 其他分类号: | D74 | |
| 主题词: | ||
| 电子资源: | http://www.loc.gov/catdir/description/cam031/85029985.html | |
| 000 | 01105cam a2200313 a 450 | |
| 001 | E0759103180 | |
| 005 | 20070510163129.85 | |
| 008 | 851202s1986 enk b 001 0 eng | |
| 010 | @a85029985 | |
| 020 | @a0521311489 (pbk.). | |
| 020 | @a0521322979. | |
| 035 | @A(DLC) 85029985 | |
| 040 | @aDLC@cDLC@dDLC | |
| 043 | @af------ | |
| 050 | 00 | @aJQ1872@b.P63 1986 |
| 082 | 00 | @a320.96@2 19 |
| 090 | @aD74 | |
| 099 | @dD74@ex93 | |
| 245 | 00 | @aPolitical domination in Africa :@breflections on the limits of power / @cedited by Patrick Chabal. |
| 260 | @aCambridge [Cambridgeshire] ;@aNew York :@bCambridge University Press,@c1986. | |
| 300 | @aix, 211 p. ;@c24 cm. | |
| 440 | 0 | @aAfrican studies series ;@v50 |
| 500 | @aIncludes index. | |
| 504 | @aBibliography: p. 175-205. | |
| 651 | 0 | @aAfrica@xPolitics and government@y1960- |
| 700 | 1 | @aChabal, Patrick,@d1951- |
| 856 | 42 | @3 Publisher description@uhttp://www.loc.gov/catdir/description/cam031/85029985.html |
| 906 | @a7@bcbc@corignew@d1@eocip@f19@gy-gencatlg | |
| 991 | @bc-GenColl@hJQ1872@i.P63 1986@p00009603621@tCopy 1@wBOOKS | |
| Political domination in Africa : : reflections on the limits of power / / edited by Patrick Chabal.-Cambridge [Cambridgeshire] ; ; New York : : Cambridge University Press, , 1986. |
| ix, 211 p. ; ; 24 cm.- (African studies series ; 50 ) |
| Includes index.-Bibliography: p. 175-205. |
| ISBN 0521311489 (pbk.). |
| ● |
| 相关链接 |
|
|
|
|
正题名:Political domination in Africa
索取号:D74/x93
 
预约/预借
| 序号 | 登录号 | 条形码 | 馆藏地/架位号 | 状态 | 备注 |
| 1 | 7834 | 300078341 | 第二样本阅览室/ [索取号:D74/x93] | 在馆 | |
| 2 | 7835 | 300078350 | 第四借阅区/ [索取号:D74/x93] | 在馆 |